00744nam a22001937a 4500999001700000005001700017010001300034020002600047037001800073082000800091100002100099245009400120250003200214260003900246270006800285300003300353942002200386952014200408 c95749d9574920200128102252.0 aB-731172 a9780670089901c799.00 adplbDBAD/Pub 2921 aSengupta, Hindol aThe man who saved India Srdar Patel and his ideas of IndiacGeoft Martz and Adam Robinson a2016bedited by Calvin Cato aGurgonbPenguin Random housec2018 a7th Floor, Infinity Tower C, DLF, Cyber City, bGurgon e122002 axlii,437p.bphotosc22cm(Hb) 2ddccENh921mSEN 001040708NFICaMPbMPd2020-01-27eGift/ Eng./13.11.2019g799.00l0o921 SENpB-731172r2020-01-27 00:00:00t1v799.00w2020-01-27yEN